00231nam a2200097 a 4500008004100000050001500041100002000056245003500076260001300111350000900124120416nuuuuuuuuxx |||||||||||||| || u aTD 883 Cre aCresswell, C. R10aNotes on air pollution control cNew York a0.00